Library Banner

Military leadership to prevent military coup/ (Record no. 101258)

MARC details
000 -LEADER
fixed length control field 00406nam a22001457a 4500
005 - DATE AND TIME OF LATEST TRANSACTION
control field 20180102094928.0
008 - FIXED-LENGTH DATA ELEMENTS--GENERAL INFORMATION
fixed length control field 180102b xxu||||| |||| 00| 0 eng d
040 ## - CATALOGING SOURCE
Transcribing agency PK-LaUMT
082 ## - DEWEY DECIMAL CLASSIFICATION NUMBER
Classification number PKAC 322.50954
Item number CHI-M
100 ## - MAIN ENTRY--PERSONAL NAME
Personal name Chibber , M.L,
245 ## - TITLE STATEMENT
Title Military leadership to prevent military coup/
Statement of responsibility, etc M.L Chibber
260 ## - PUBLICATION, DISTRIBUTION, ETC. (IMPRINT)
Place of publication, distribution, etc New Delhi:
Name of publisher, distributor, etc Lancer international
Date of publication, distribution, etc 1986
300 ## - PHYSICAL DESCRIPTION
Extent 241 p.
942 ## - ADDED ENTRY ELEMENTS (KOHA)
Koha item type Books
Holdings
Withdrawn status Lost status Damaged status Home library Current library Date acquired Full call number Barcode Date last seen Price effective from Koha item type
      UMT Main Campus UMT Main Campus 2018-01-02 PKAC 322.50954 CHI-M 117045 2018-01-02 2018-01-02 Books